Object-Relational database development: A Plumber's guide

Guardat en:
Dades bibliogràfiques
Autor principal: Paul Brown
Format: Llibre
Idioma:Undetermined
Publicat: Upper Saddle River, NJ Prentice-Hall PTR 2001
Matèries:
Etiquetes: Afegir etiqueta
Sense etiquetes, Sigues el primer a etiquetar aquest registre!
Thư viện lưu trữ: Trung tâm Học liệu Trường Đại học Cần Thơ
LEADER 00531nam a2200169Ia 4500
001 CTU_56313
008 210402s9999 xx 000 0 und d
082 |a 005.75'6 
082 |b B877 
100 |a Paul Brown 
245 0 |a Object-Relational database development: A Plumber's guide 
245 0 |c Paul Brown 
260 |a Upper Saddle River, NJ 
260 |b Prentice-Hall PTR 
260 |c 2001 
650 |a database design,object-oriented databases,relational databases 
980 |a Trung tâm Học liệu Trường Đại học Cần Thơ